Quiz NBA #3 - Statistiques

Statistiques générales
  • Ce quiz a été pris 40 fois
  • Le résultat moyen est 12 sur 15
Statistiques - réponses
Hint Réponse % Correct
Quelle franchise a remporté le plus de titres NBA ? Boston Celtics
94%
Quel joueur a inscrit le plus grand nombre de points en carrière NBA ? LeBron James
94%
Quel joueur a marqué 100 points lors d’un seul match NBA ? Wilt Chamberlain
94%
Quel joueur français a été drafté en première position ? Victor Wembanyama
92%
Quel joueur a été élu Rookie of the Year 2024 ? Victor Wembanyama
92%
Quelle équipe NBA a remporté le premier titre de son histoire en 2019 ? Toronto Raptors
86%
Quelle équipe a réalisé un three-peat (3 titres consécutifs) dans les années 1990 ? Chicago Bulls
83%
Quel joueur a remporté 5 titres NBA avec les Lakers dans les années 2000 ? Kobe Bryant
83%
Quel joueur a été élu MVP à l’unanimité ? Stephen Curry
81%
Quel joueur est surnommé “The Beard” ? James Harden
75%
Quelle franchise a perdu le plus de Finales NBA ? Los Angeles Lakers
75%
Quel joueur détient le record du plus grand nombre de triple-doubles en carrière ? Russell Westbrook
72%
Quelle équipe NBA portait autrefois le nom de Seattle SuperSonics ? Oklahoma City Thunder
67%
Quel joueur détient le record du plus grand nombre de contres en carrière ? Hakeem Olajuwon
39%
Quelle équipe a été créée en 1946, faisant partie des plus anciennes franchises NBA ? New York Knicks
31%
Aucun quiz correspondant
Distribution des résultats
% des personnes avec chaque résultat
Percentile par nombre de réponses
Votre historique - résultats
Vous n’avez pas pris ce quiz